La edad de oro de Justiniano : desde la muerte de Teodosio hasta el islam /

El universo de las formas es una colección publicada por editorial Aguilar en veintiocho volúmenes, incompleta en biblioteca, que trata sobre las características y esplendor de las expresiones artísticas en diferentes lugares del mundo y en épocas históricas distintas. Cada uno viene ilustrado en su...

Full description

Saved in:
Bibliographic Details
Main Author: Grabar, André (autor)
Format: Book
Language:Español
Published: Madrid, España : Aguilar, 1966, c1966
Series:(El Universo de las Formas)
Subjects:
Tags: Add Tag
No Tags, Be the first to tag this record!

MARC

LEADER 00000nam^a2200000^a^4500
001 000102991
005 20250521000000.0
009 20260310093333.736
037 |a Acervo ITESO - Biblioteca 
041 |a ESP 
082 |a 709.  |b UNI V. 12 
100 |a Grabar, André  |e (autor) 
240 1 4 |a [El universo de las formas] 
245 1 3 |a La edad de oro de Justiniano :  |b desde la muerte de Teodosio hasta el islam /  |c A. Grabar ; tr. por Arturo del Hoyo. 
264 4 |a Madrid, España :  |b Aguilar,  |c 1966, c1966 
300 |a 408 p. 
336 |a texto  |b txt  |2 rdacontenido 
337 |a sin mediación  |b n  |2 rdamedio 
338 |a volumen  |b nc  |2 rdasoporte 
440 4 |a (El Universo de las Formas) 
520 |a El universo de las formas es una colección publicada por editorial Aguilar en veintiocho volúmenes, incompleta en biblioteca, que trata sobre las características y esplendor de las expresiones artísticas en diferentes lugares del mundo y en épocas históricas distintas. Cada uno viene ilustrado en su mayoría con láminas en blanco y negro, y en menor medida a color. El número de volumen es asignado según fueron clasificándose. 
520 |a Reconstrucción histórica del arte producido en Europa y Asia Menor durante los siglo V y VI, siglos durante los cuales florece el gran arte cristiano antiguo. 
649 |a XX 
650 |a Arte Paleocristiano -  |x Historia y Crítica 
650 |a Arte Bizantino -  |x Historia y Crítica -  |x Tema Principal 
650 |a Arte Religioso -  |x Historia y Crítica 
650 |a Arte Europeo -  |x Historia y Crítica 
650 |a Europa -  |x Historia -  |y Siglo V 
650 |a Europa -  |x Historia -  |y Siglo VI 
910 |a Fondo Salvador Reynoso Reynoso 
920 |a Impresos - Libros 
930 |a Fondos Especiales 
905 |a 112 
901 |a 0500040324  |b IT2  |c ESP  |u 20250521 
902 |a https://opac.biblio.iteso.mx/vufind/Record/000102991